[Event "Pia Cramling Ladies Open 2018"]
[Site "Stockholm"]
[Date "2018.09.01"]
[Round "4"]
[White "Berg Laachiri, Susanna"]
[Black "Reizniece-Ozola, Dana"]
[Result "0-1"]
[WhiteElo "1903"]
[BlackElo "2304"]
[Annotator "NA"]
[PlyCount "80"]
[EventDate "2018.09.01"]
[EventType "swiss"]
[EventCountry "SWE"]
[SourceTitle "playchess.com"]
[Source "ChessBase"]
[SourceQuality "1"]
[TimeControl "1800+10"]

1. e4 {[%emt 0:00:00]} g6 {[%emt 0:00:00]} 2. d4 {[%emt 0:00:00]} Bg7 {[%emt 0:00:00]} 3. Nf3 {[%emt 0:00:07]} d6 {[%emt 0:00:03]} 4. Be2 {[%emt 0:00:26]} Nf6 {[%emt 0:00:05]} 5. Nc3 {[%emt 0:00:06]} O-O {[%emt 0:00:05]} 6. O-O {[%emt 0:00:16]} c6 {[%emt 0:00:02]} 7. Be3 {[%emt 0:02:18]} b5 {[%emt 0:00:00]} 8. a3 {[%emt 0:00:27] B08: Pirc Defence: Classical System} Bb7 {[%emt 0:00:30]} 9. h3 {[%emt 0:04:46]} a6 {[%emt 0:01:05] LiveBook: 5 Games} 10. Re1 {[%emt 0:02:09]} (10. e5 Nd5 11. Nxd5 cxd5 12. Qd2 Nc6 13. exd6 Qxd6 14. Bf4 Qd7 15. Bh6 f6 {1-0 (36) Przybylski,W (2378)-Shirov,A (2691) Jurmala 2015}) 10... Qc7 {[%emt 0:01:27]} 11. e5 $146 {[%emt 0:00:56]} ({Predecessor:} 11. Bf1 c5 12. e5 dxe5 13. dxe5 Ne8 14. Bf4 e6 15. Qe2 {1-0 (28) Wheeler,R (2016)-Diedrick,M (1829) Kingston 2016}) 11... Nd5 {[%emt 0:00:48]} 12. Nxd5 {[%emt 0:00:33]} cxd5 {[%emt 0:00:02]} 13. Bf4 {[%emt 0:00:42]} Nc6 {[%emt 0:00:05]} 14. exd6 {[%emt 0:01:53]} exd6 {[%emt 0:00:05]} 15. c3 {[%emt 0:00:27]} Rfe8 {[%emt 0:01:23]} 16. Qd2 {[%emt 0:00:46]} Na5 {[%emt 0:00:40]} 17. Rab1 {[%emt 0:03:57]} Nc4 {[%emt 0:00:29]} 18. Bxc4 {[%emt 0:01:24]} dxc4 {[%emt 0:00:57]} 19. Rxe8+ {[%emt 0:00:50]} Rxe8 {[%emt 0:00:01]} 20. Re1 {[%emt 0:04:58]} Rxe1+ {[%emt 0:00:08]} 21. Qxe1 {[%emt 0:00:03]} Qd7 {[%emt 0:00:10]} 22. Qe3 {[%emt 0:00:37]} Bf8 {[%emt 0:00:47]} 23. Bg5 {[%emt 0:01:33]} Qe6 {[%emt 0:01:44]} 24. Qf4 {[%emt 0:00:53]} f5 {[%emt 0:01:37]} 25. Bh6 {[%emt 0:00:42]} Bxf3 {[%emt 0:03:37]} 26. gxf3 {[%emt 0:00:05]} Be7 {[%emt 0:01:57]} 27. Bg5 {[%emt 0:00:03]} Kf7 {[%emt 0:02:06]} 28. Bxe7 {[%emt 0:00:25]} Qxe7 {[%emt 0:00:32]} 29. h4 {[%emt 0:00:22]} Ke6 {[%emt 0:01:36]} 30. Kg2 {[%emt 0:00:22]} Kd5 {[%emt 0:00:27]} 31. Qh6 {[%emt 0:00:37]} Kc6 {[%emt 0:01:23]} 32. Kf1 {[%emt 0:00:24]} Kb6 {[%emt 0:00:11]} 33. Qf4 {[%emt 0:00:16]} Ka5 {[%emt 0:00:47]} 34. Qd2 {[%emt 0:00:19]} Qxh4 {[%emt 0:00:20]} 35. Qe3 {[%emt 0:00:30]} Qh1+ {[%emt 0:00:31]} 36. Ke2 {[%emt 0:00:01]} Qb1 {[%emt 0:00:14]} 37. Qd2 {[%emt 0:00:05]} Ka4 {[%emt 0:00:24]} 38. Ke3 $19 {[%emt 0:00:37]} Kb3 {[%emt 0:01:04]} 39. Kf4 {[%emt 0:00:02]} Qxb2 {[%emt 0:00:25]} 40. Qd1+ {[%emt 0:00:27]} Kxc3 {[%emt 0:00:02]} 0-1

[Event "Pia Cramling Ladies Open 2018"]
[Site "Stockholm"]
[Date "2018.09.01"]
[Round "4"]
[White "Rinne, Heini"]
[Black "Andersson, Christin"]
[Result "0-1"]
[WhiteElo "1760"]
[BlackElo "2077"]
[Annotator "NA"]
[PlyCount "104"]
[EventDate "2018.09.01"]
[EventType "swiss"]
[EventCountry "SWE"]
[SourceTitle "playchess.com"]
[Source "ChessBase"]
[SourceQuality "1"]
[TimeControl "1800+10"]

1. d4 {[%emt 0:00:00]} d5 {[%emt 0:00:00]} 2. c4 {[%emt 0:00:00]} e6 {[%emt 0:00:00]} 3. Nc3 {[%emt 0:00:04]} Nf6 {[%emt 0:00:00]} 4. cxd5 {[%emt 0:00:09]} exd5 {[%emt 0:00:01]} 5. Bg5 {[%emt 0:00:10]} Bb4 {[%emt 0:00:29]} 6. Qb3 {[%emt 0:07:33] D35: Queen's Gambit Declined: Exchange Variation} (6. e3 h6 7. Bh4 g5 8. Bg3 Ne4 9. Qb3 c5 10. Bd3 Nc6 11. Bxe4 dxe4 12. d5 Na5 13. Qa4+ Qd7 14. Qxd7+ Bxd7 15. Nge2 {½-½ (29) Ding,L (2772)-Lodici,L (2407) Antalya 2017}) 6... Nc6 {[%emt 0:00:31]} 7. e3 {[%emt 0:00:36]} Be6 {[%emt 0:00:42]} 8. Bb5 {[%emt 0:01:22]} Be7 {[%emt 0:00:40]} 9. Nf3 {[%emt 0:00:32]} O-O {[%emt 0:00:13]} 10. Bxc6 {[%emt 0:02:39]} bxc6 {[%emt 0:00:02]} 11. Ne5 $146 {[%emt 0:00:28]} ({Predecessor:} 11. Bxf6 gxf6 12. Qc2 c5 13. dxc5 Bxc5 14. O-O Qe7 {1-0 (36) Williams,H (2305)-May,F (2141) Fishguard 2015}) 11... Bd7 {[%emt 0:00:23]} 12. O-O {[%emt 0:00:49]} h6 {[%emt 0:00:51]} 13. Bh4 {[%emt 0:02:27]} Nh7 {[%emt 0:00:05]} 14. Bxe7 {[%emt 0:00:21]} Qxe7 {[%emt 0:00:02]} 15. Nxd7 {[%emt 0:03:38]} Qxd7 {[%emt 0:00:02]} 16. Na4 {[%emt 0:00:46]} Rab8 {[%emt 0:00:20]} 17. Qa3 {[%emt 0:01:17]} Qd6 {[%emt 0:00:12]} 18. Nc5 {[%emt 0:00:28]} f5 {[%emt 0:00:16]} 19. f4 {[%emt 0:02:56]} Nf6 $16 {[%emt 0:00:11]} 20. Qc3 {[%emt 0:01:42]} Rfe8 {[%emt 0:00:13]} 21. Rfe1 {[%emt 0:01:48]} Ne4 {[%emt 0:00:14]} 22. Nxe4 {[%emt 0:00:26]} Rxe4 {[%emt 0:00:04]} 23. b3 {[%emt 0:00:21]} Rbe8 {[%emt 0:00:13]} 24. Rac1 {[%emt 0:00:54]} R8e6 {[%emt 0:00:02]} 25. Kf2 {[%emt 0:00:08]} Qe7 {[%emt 0:00:11]} 26. g3 {[%emt 0:00:18]} g5 {[%emt 0:00:04]} 27. Qc5 {[%emt 0:01:39]} Kf7 {[%emt 0:00:24]} 28. Qxe7+ {[%emt 0:00:08]} Kxe7 {[%emt 0:00:02]} 29. Rc5 {[%emt 0:00:09]} Kd7 {[%emt 0:00:09]} 30. Ra5 {[%emt 0:00:02]} Re8 {[%emt 0:00:22]} 31. Rxa7 {[%emt 0:00:02]} R4e6 {[%emt 0:00:10]} 32. Ra5 {[%emt 0:00:49]} gxf4 {[%emt 0:00:13]} 33. gxf4 {[%emt 0:00:02]} Rg8 {[%emt 0:00:07]} 34. Rc5 {[%emt 0:00:23]} Reg6 {[%emt 0:00:08]} 35. Rec1 {[%emt 0:00:20]} h5 {[%emt 0:00:21]} 36. Rh1 {[%emt 0:00:16]} Rg2+ {[%emt 0:00:03]} 37. Kf3 {[%emt 0:00:15]} Rxa2 {[%emt 0:00:04]} 38. Rcc1 {[%emt 0:00:06]} Rgg2 {[%emt 0:00:12]} 39. Rcf1 {[%emt 0:00:04]} Rxh2 {[%emt 0:00:13]} 40. Rxh2 {[%emt 0:00:03]} Rxh2 {[%emt 0:00:03]} 41. Kg3 {[%emt 0:00:11]} Rb2 {[%emt 0:00:06]} 42. Kh4 {[%emt 0:00:17]} Rxb3 {[%emt 0:00:04]} 43. Re1 {[%emt 0:00:00]} Rb2 {[%emt 0:00:19]} 44. Rh1 {[%emt 0:00:13]} Rb3 {[%emt 0:00:25]} 45. Rh3 {[%emt 0:00:01]} Ke6 {[%emt 0:00:10]} 46. Kxh5 {[%emt 0:00:07]} c5 {[%emt 0:00:03]} 47. dxc5 {[%emt 0:00:05]} d4 {[%emt 0:00:01]} 48. Kg5 {[%emt 0:00:14]} dxe3 {[%emt 0:00:06]} 49. Rh6+ {[%emt 0:00:32]} Kd5 {[%emt 0:00:09]} 50. Kxf5 {[%emt 0:00:12]} Kxc5 {[%emt 0:00:24]} 51. Re6 {[%emt 0:00:02]} Kd4 {[%emt 0:00:11]} 52. Kg6 {[%emt 0:00:19]} Rb6 {[%emt 0:00:14]} 0-1

[Event "Pia Cramling Ladies Open 2018"]
[Site "Stockholm"]
[Date "2018.09.01"]
[Round "4"]
[White "Nilsson, Kajsa"]
[Black "Fransson, Angelina"]
[Result "0-1"]
[WhiteElo "1704"]
[BlackElo "2004"]
[Annotator "NA"]
[PlyCount "98"]
[EventDate "2018.09.01"]
[EventType "swiss"]
[EventCountry "SWE"]
[SourceTitle "playchess.com"]
[Source "ChessBase"]
[SourceQuality "1"]
[TimeControl "1800+10"]

1. e4 {[%emt 0:00:00]} c5 {[%emt 0:00:00]} 2. c3 {[%emt 0:00:00]} Nf6 {[%emt 0:00:06]} 3. e5 {[%emt 0:00:04]} Nd5 {[%emt 0:00:01]} 4. d4 {[%emt 0:00:18]} cxd4 {[%emt 0:00:02]} 5. Nf3 {[%emt 0:00:10]} g6 {[%emt 0:01:07]} 6. cxd4 {[%emt 0:02:46]} Bg7 {[%emt 0:00:12]} 7. Bc4 {[%emt 0:00:34]} Nb6 {[%emt 0:00:16]} 8. Bb3 {[%emt 0:00:12]} d5 {[%emt 0:04:06]} 9. O-O {[%emt 0:03:42]} O-O {[%emt 0:00:18]} 10. Nc3 {[%emt 0:00:41]} Nc6 {[%emt 0:00:48]} 11. Bf4 {[%emt 0:00:45]} Bg4 {[%emt 0:01:07]} 12. Be3 {[%emt 0:02:31]} Na5 {[%emt 0:02:16]} 13. Bc2 {[%emt 0:02:36]} Nbc4 {[%emt 0:00:22]} 14. b3 {[%emt 0:00:54]} Nxe3 {[%emt 0:00:15]} 15. fxe3 {[%emt 0:00:08]} Rc8 {[%emt 0:00:52]} 16. Ne2 {[%emt 0:01:19]} Nc6 {[%emt 0:00:57]} 17. Rc1 {[%emt 0:01:08]} e6 {[%emt 0:02:56]} 18. Bb1 {[%emt 0:03:12]} Ne7 {[%emt 0:00:31]} 19. Nc3 {[%emt 0:00:36]} Qa5 {[%emt 0:02:36]} 20. Na4 {[%emt 0:03:34]} Rxc1 {[%emt 0:02:03]} 21. Qxc1 {[%emt 0:00:06]} Rc8 {[%emt 0:00:01]} 22. Qb2 {[%emt 0:00:58]} Bh6 {[%emt 0:00:30]} 23. Qf2 {[%emt 0:00:35]} Nf5 {[%emt 0:00:52]} 24. Bxf5 {[%emt 0:00:59]} Bxf5 {[%emt 0:01:32]} 25. Nc5 {[%emt 0:00:49]} Qc3 {[%emt 0:00:46]} 26. Re1 {[%emt 0:00:46]} b6 {[%emt 0:02:53]} 27. Nd7 {[%emt 0:01:32]} Bg7 {[%emt 0:01:22]} 28. Qh4 {[%emt 0:01:08]} h5 {[%emt 0:01:00]} 29. Nf6+ {[%emt 0:00:37]} Kf8 {[%emt 0:00:18]} 30. Ng5 {[%emt 0:00:17]} Bxf6 {[%emt 0:01:01]} 31. Nh7+ {[%emt 0:00:40]} Kg7 {[%emt 0:00:16]} 32. Nxf6 {[%emt 0:00:22]} Qd2 {[%emt 0:00:10]} 33. Nd7 {[%emt 0:01:03]} Be4 {[%emt 0:00:58]} 34. Qf6+ {[%emt 0:00:13]} Kg8 {[%emt 0:00:03]} 35. Qf1 {[%emt 0:00:19]} Rc2 {[%emt 0:00:29]} 36. Nf6+ {[%emt 0:00:01]} Kf8 {[%emt 0:00:39]} 37. Nxe4 {[%emt 0:00:16]} dxe4 {[%emt 0:00:02]} 38. h3 {[%emt 0:00:05]} a5 {[%emt 0:00:55]} 39. Kh2 {[%emt 0:00:04]} h4 {[%emt 0:00:22]} 40. a4 {[%emt 0:00:23]} Qf2 {[%emt 0:00:33]} 41. Qxf2 {[%emt 0:00:15]} Rxf2 {[%emt 0:00:02]} 42. Rc1 {[%emt 0:00:01]} Re2 {[%emt 0:00:08]} 43. Rc3 {[%emt 0:00:10]} Ke8 {[%emt 0:00:14]} 44. Rc6 {[%emt 0:00:13]} Rxe3 {[%emt 0:00:06]} 45. Rxb6 {[%emt 0:00:02]} Rd3 {[%emt 0:00:09]} 46. Rb5 {[%emt 0:00:15]} e3 {[%emt 0:00:09]} 47. Kg1 {[%emt 0:00:08]} Rd1+ {[%emt 0:00:04]} 48. Kh2 {[%emt 0:00:04]} e2 {[%emt 0:00:02]} 49. Rb8+ {[%emt 0:00:03]} Kd7 {[%emt 0:00:04]} 0-1

[Event "Pia Cramling Ladies Open 2018"]
[Site "Stockholm"]
[Date "2018.09.01"]
[Round "4"]
[White "Fransson, Pia"]
[Black "Lindberg, Cajsa"]
[Result "1-0"]
[WhiteElo "1549"]
[BlackElo "1625"]
[Annotator "NA"]
[PlyCount "79"]
[EventDate "2018.09.01"]
[EventType "swiss"]
[EventCountry "SWE"]
[SourceTitle "playchess.com"]
[Source "ChessBase"]
[SourceQuality "1"]
[TimeControl "1800+10"]

1. d4 {[%emt 0:02:13]} d5 {[%emt 0:00:00]} 2. Nf3 {[%emt 0:00:01]} Nf6 {[%emt 0:00:07]} 3. c4 {[%emt 0:00:02]} c6 {[%emt 0:00:12]} 4. cxd5 {[%emt 0:00:17]} cxd5 {[%emt 0:00:06]} 5. Nc3 {[%emt 0:00:10]} a6 {[%emt 0:01:35]} 6. Bf4 {[%emt 0:00:14]} e6 {[%emt 0:01:33]} 7. e3 {[%emt 0:00:13]} Bd6 {[%emt 0:00:19]} 8. Ne5 {[%emt 0:00:14]} O-O {[%emt 0:00:18]} 9. Bd3 {[%emt 0:00:30]} Nc6 {[%emt 0:00:59]} 10. O-O {[%emt 0:00:30]} Ne8 {[%emt 0:01:30]} 11. Rc1 {[%emt 0:01:31]} f6 {[%emt 0:00:23]} 12. Nxc6 {[%emt 0:00:36]} bxc6 {[%emt 0:00:03]} 13. Bxd6 {[%emt 0:00:10]} Nxd6 {[%emt 0:00:14]} 14. Na4 {[%emt 0:00:06]} Bd7 {[%emt 0:00:39]} 15. Nc5 {[%emt 0:00:06]} e5 {[%emt 0:00:53]} 16. Bc2 {[%emt 0:06:42]} Qe7 {[%emt 0:02:16]} 17. Qh5 {[%emt 0:12:00]} e4 {[%emt 0:02:47]} 18. Qe2 {[%emt 0:00:57]} a5 {[%emt 0:00:56]} 19. a4 {[%emt 0:00:23]} f5 {[%emt 0:00:43]} 20. f3 {[%emt 0:01:18]} Rf6 {[%emt 0:05:40]} 21. fxe4 {[%emt 0:00:54]} Nxe4 {[%emt 0:01:36]} 22. Bxe4 {[%emt 0:00:54]} dxe4 {[%emt 0:00:10]} 23. Rc3 {[%emt 0:01:22]} Qd6 {[%emt 0:01:31]} 24. Rb3 {[%emt 0:00:47]} Raf8 {[%emt 0:01:33]} 25. Qa6 {[%emt 0:00:24]} f4 {[%emt 0:01:15]} 26. Nxe4 {[%emt 0:00:47]} Qe6 {[%emt 0:02:34]} 27. Nxf6+ {[%emt 0:00:03]} gxf6 {[%emt 0:00:07]} 28. Qd3 {[%emt 0:00:17]} fxe3 {[%emt 0:00:48]} 29. Qxe3 {[%emt 0:00:02]} Qxe3+ {[%emt 0:01:07]} 30. Rxe3 {[%emt 0:00:02]} Kf7 {[%emt 0:00:14]} 31. Rfe1 {[%emt 0:00:04]} Re8 {[%emt 0:00:06]} 32. Rxe8 {[%emt 0:00:03]} Bxe8 {[%emt 0:00:01]} 33. Rc1 {[%emt 0:00:07]} Bd7 {[%emt 0:00:03]} 34. Rc5 {[%emt 0:00:01]} Ke6 {[%emt 0:00:14]} 35. Rxa5 {[%emt 0:00:01]} Kd6 {[%emt 0:00:32]} 36. b4 {[%emt 0:00:01]} Be6 {[%emt 0:00:15]} 37. Kf2 {[%emt 0:00:03]} Bd5 {[%emt 0:00:18]} 38. g3 {[%emt 0:00:01]} Kc7 {[%emt 0:00:39]} 39. Ke3 {[%emt 0:00:01]} Kb7 {[%emt 0:00:14]} 40. Kf4 {[%emt 0:00:01]} 1-0

[Event "Pia Cramling Ladies Open 2018"]
[Site "Stockholm"]
[Date "2018.09.01"]
[Round "4"]
[White "Ristoja, Aulikki"]
[Black "Johansson, Eva"]
[Result "0-1"]
[WhiteElo "1530"]
[BlackElo "1881"]
[Annotator "NA"]
[PlyCount "52"]
[EventDate "2018.09.01"]
[EventType "swiss"]
[EventCountry "SWE"]
[SourceTitle "playchess.com"]
[Source "ChessBase"]
[SourceQuality "1"]
[TimeControl "1800+10"]

1. d4 {[%emt 0:00:00]} d5 {[%emt 0:00:03]} 2. Bf4 {[%emt 0:00:00]} Nf6 {[%emt 0:00:28]} 3. e3 {[%emt 0:00:06]} c6 {[%emt 0:00:27]} 4. Nd2 {[%emt 0:00:11]} e6 {[%emt 0:00:27]} 5. h3 {[%emt 0:00:36]} Be7 {[%emt 0:00:37]} 6. Ngf3 {[%emt 0:00:24]} Nbd7 {[%emt 0:00:24]} 7. Bd3 {[%emt 0:00:24]} O-O {[%emt 0:00:45]} 8. c4 {[%emt 0:00:54]} c5 {[%emt 0:03:04]} 9. Rc1 {[%emt 0:01:20]} cxd4 {[%emt 0:00:44]} 10. exd4 {[%emt 0:00:15]} b6 {[%emt 0:01:37]} 11. cxd5 {[%emt 0:01:49]} Nxd5 {[%emt 0:01:06]} 12. Be5 {[%emt 0:01:20]} Nxe5 {[%emt 0:02:51]} 13. dxe5 {[%emt 0:01:40]} Nf4 {[%emt 0:00:46]} 14. Be4 {[%emt 0:01:48]} Ba6 {[%emt 0:00:52]} 15. Rh2 {[%emt 0:07:10]} Rc8 {[%emt 0:01:14]} 16. Rxc8 {[%emt 0:00:49]} Qxc8 {[%emt 0:00:02]} 17. Qc2 {[%emt 0:01:33]} Qxc2 {[%emt 0:02:02]} 18. Bxc2 {[%emt 0:00:03]} Rc8 {[%emt 0:00:04]} 19. Nd4 {[%emt 0:05:17]} Bc5 {[%emt 0:02:59]} 20. N2b3 {[%emt 0:00:40]} Bb4+ {[%emt 0:01:07]} 21. Kd1 {[%emt 0:00:59]} Nd3 {[%emt 0:01:20]} 22. Bxd3 {[%emt 0:01:34]} Bxd3 {[%emt 0:00:01]} 23. f4 {[%emt 0:00:55]} a5 {[%emt 0:00:37]} 24. g4 {[%emt 0:01:19]} a4 {[%emt 0:00:36]} 25. Nc1 {[%emt 0:00:45]} Be4 {[%emt 0:01:28]} 26. Nce2 {[%emt 0:01:15]} Ra8 0-1

[Event "Pia Cramling Ladies Open 2018"]
[Site "Stockholm"]
[Date "2018.09.01"]
[Round "4"]
[White "Johansson-Ohman, Linnea"]
[Black "Hellmer, Helena"]
[Result "0-1"]
[WhiteElo "1495"]
[BlackElo "1436"]
[Annotator "NA"]
[PlyCount "130"]
[EventDate "2018.09.01"]
[EventType "swiss"]
[EventCountry "SWE"]
[SourceTitle "playchess.com"]
[Source "ChessBase"]
[SourceQuality "1"]
[TimeControl "1800+10"]

1. d4 {[%emt 0:00:00]} Nf6 {[%emt 0:00:00]} 2. Bf4 {[%emt 0:00:14]} d6 {[%emt 0:00:00]} 3. Nf3 {[%emt 0:00:10]} Nbd7 {[%emt 0:00:00]} 4. e3 {[%emt 0:00:13]} g6 {[%emt 0:00:00]} 5. h3 {[%emt 0:01:29]} Bg7 {[%emt 0:00:01]} 6. Be2 {[%emt 0:00:10]} O-O {[%emt 0:00:53]} 7. O-O {[%emt 0:01:34]} Re8 {[%emt 0:00:07]} 8. c3 {[%emt 0:01:29]} Ne4 {[%emt 0:00:03]} 9. Nbd2 {[%emt 0:00:55]} d5 {[%emt 0:00:30]} 10. c4 {[%emt 0:03:55]} e6 {[%emt 0:00:51]} 11. Nxe4 {[%emt 0:02:48]} dxe4 {[%emt 0:00:02]} 12. Nd2 {[%emt 0:01:06]} f5 {[%emt 0:00:04]} 13. f3 {[%emt 0:07:07]} e5 {[%emt 0:01:12]} 14. dxe5 {[%emt 0:00:02]} Bxe5 {[%emt 0:00:02]} 15. Bxe5 {[%emt 0:03:32]} Rxe5 {[%emt 0:00:35]} 16. fxe4 {[%emt 0:00:29]} fxe4 {[%emt 0:01:14]} 17. Nxe4 {[%emt 0:00:27]} c6 {[%emt 0:04:52]} 18. Nf6+ {[%emt 0:03:32]} Kg7 {[%emt 0:00:09]} 19. Qd6 {[%emt 0:00:57]} Qe7 {[%emt 0:04:05]} 20. Qxe7+ {[%emt 0:01:49]} Rxe7 {[%emt 0:00:02]} 21. Ng4 {[%emt 0:00:11]} h5 {[%emt 0:00:29]} 22. Nh2 {[%emt 0:00:50]} Rxe3 {[%emt 0:02:01]} 23. Rf2 {[%emt 0:00:32]} Nf6 {[%emt 0:00:04]} 24. Raf1 {[%emt 0:00:03]} Bf5 {[%emt 0:00:14]} 25. Bd1 {[%emt 0:00:19]} Re5 {[%emt 0:00:37]} 26. Nf3 {[%emt 0:00:10]} Rc5 {[%emt 0:00:18]} 27. Re2 {[%emt 0:00:12]} Rf8 {[%emt 0:00:05]} 28. Bb3 {[%emt 0:00:01]} Ne4 {[%emt 0:00:07]} 29. Rd1 {[%emt 0:00:05]} a5 {[%emt 0:00:18]} 30. Nh4 {[%emt 0:00:24]} Ng3 {[%emt 0:00:14]} 31. Re3 {[%emt 0:00:00]} Ne4 {[%emt 0:00:13]} 32. Nxf5+ {[%emt 0:00:03]} gxf5 {[%emt 0:00:02]} 33. Rd7+ {[%emt 0:00:10]} Rf7 {[%emt 0:00:06]} 34. Rd4 {[%emt 0:00:22]} Nf6 {[%emt 0:00:16]} 35. Rf3 {[%emt 0:00:14]} Ne4 {[%emt 0:00:09]} 36. Bc2 {[%emt 0:00:07]} Re5 {[%emt 0:00:10]} 37. Bxe4 {[%emt 0:00:10]} Rxe4 {[%emt 0:00:03]} 38. Rxe4 {[%emt 0:00:06]} fxe4 {[%emt 0:00:00]} 39. Re3 {[%emt 0:00:02]} Re7 {[%emt 0:00:04]} 40. Kf2 {[%emt 0:00:01]} Kf6 {[%emt 0:00:01]} 41. g4 {[%emt 0:00:12]} hxg4 {[%emt 0:00:02]} 42. hxg4 {[%emt 0:00:01]} Ke5 {[%emt 0:00:04]} 43. Kg3 {[%emt 0:00:07]} Rf7 {[%emt 0:00:03]} 44. g5 {[%emt 0:00:13]} Kd4 {[%emt 0:00:03]} 45. g6 {[%emt 0:00:16]} Rg7 {[%emt 0:00:07]} 46. Kf4 {[%emt 0:00:01]} Rxg6 {[%emt 0:00:08]} 47. Rxe4+ {[%emt 0:00:01]} Kc5 {[%emt 0:00:04]} 48. a3 {[%emt 0:00:19]} Rg2 {[%emt 0:00:06]} 49. b3 {[%emt 0:00:06]} Rb2 {[%emt 0:00:18]} 50. Re3 {[%emt 0:00:40]} Rd2 {[%emt 0:00:31]} 51. Ke5 {[%emt 0:00:22]} Rd7 {[%emt 0:00:09]} 52. Rc3 {[%emt 0:00:10]} Re7+ {[%emt 0:00:04]} 53. Kf6 {[%emt 0:00:03]} Re2 {[%emt 0:00:06]} 54. Rd3 {[%emt 0:00:06]} Re1 {[%emt 0:00:20]} 55. Kf5 {[%emt 0:00:14]} Re7 {[%emt 0:00:02]} 56. Kf4 {[%emt 0:00:06]} b5 {[%emt 0:00:06]} 57. cxb5 {[%emt 0:00:16]} Kxb5 {[%emt 0:00:13]} 58. Rd4 {[%emt 0:00:10]} c5 {[%emt 0:00:05]} 59. Rd5 {[%emt 0:00:09]} Kc6 {[%emt 0:00:04]} 60. Re5 {[%emt 0:00:03]} Rf7+ {[%emt 0:00:03]} 61. Ke4 {[%emt 0:00:03]} Rd7 {[%emt 0:00:04]} 62. a4 {[%emt 0:00:24]} Rd4+ {[%emt 0:00:06]} 63. Kf3 {[%emt 0:00:15]} Rb4 {[%emt 0:00:12]} 64. Re3 {[%emt 0:00:01]} c4 {[%emt 0:00:30]} 65. bxc4 Rxc4 0-1

[Event "Pia Cramling Ladies Open 2018"]
[Site "Stockholm"]
[Date "2018.09.02"]
[Round "5"]
[White "Hunt, Harriet V"]
[Black "Agrest, Inna"]
[Result "0-1"]
[WhiteElo "2439"]
[BlackElo "2283"]
[Annotator "TA"]
[PlyCount "82"]
[EventDate "2018.09.01"]
[EventType "swiss"]
[EventCountry "SWE"]
[SourceTitle "playchess.com"]
[Source "ChessBase"]
[SourceQuality "1"]

{[%evp 16,82,40,44,54,7,12,6,17,26,50,18,22,22,31,28,36,47,85,90,94,89,89,102,109,87,100,31,49,-16,-16,-68,-64,-48,-36,-59,-17,-17,-15,-20,-15,-96,-28,-107,-108,-368,-356,-367,-372,-517,-517,-517,-348,-518,-505,-947,-947,-1115,-550,-541,-536,-494,-472,-517,-517,-709,-665,-2274,-1835]} 1. e4 e5 2. Nf3 Nc6 3. Bb5 a6 4. Ba4 Nf6 5. d3 b5 6. Bb3 Bc5 7. O-O d6 8. c3 {C78: Spanische Partie (Archangelsk- und Möller-Variante)} (8. a4 Rb8 9. axb5 axb5 10. c3 O-O 11. Re1 h6 12. Nbd2 Bb6 13. Nf1 {½-½ (13) Sasikiran,K (2666)-Sethuraman,S (2657) Yerevan 2018}) 8... Bb6 9. a4 {LiveBook: 15 Partien} Bg4 10. Nbd2 {Weiß steht etwas besser.} O-O 11. h3 $146 ({Vorgänger:} 11. Re1 Qd7 12. Nf1 h6 13. Ng3 Ne7 14. h3 Be6 15. Bc2 c5 16. d4 Qc7 {1-0 (26) Setkauskas,V (2196)-Priyadharshan,K (2343) Kemer 2009}) 11... Bd7 12. Re1 Nh5 13. axb5 axb5 14. Rxa8 Qxa8 15. Nf1 Nf4 16. d4 Qd8 17. Bxf4 exf4 18. Qd2 Qf6 19. e5 Qh6 20. exd6 cxd6 21. Re4 (21. N1h2 $16) 21... Na5 {[%cal Bc6a5,Ba5c4,Bc4b2][%mdl 32]} 22. Bc2 (22. Bd5 $14) 22... Nc4 $11 23. Qxf4 (23. Qc1 $11) 23... Qxf4 $15 24. Rxf4 Nxb2 25. Ne3 Na4 26. Ng5 $1 h6 $36 {[%mdl 2048] Schwarz hat Initiative.} 27. Ne4 Be6 {...f5 ist eine echte Drohung.} 28. Nd1 (28. Rf3 $11 {bleibt in der Remisbreite.}) 28... Ba5 (28... d5 $17 29. Ng3 Bc7) 29. c4 (29. d5 $11 Bxd5 30. Nxd6) 29... Bxc4 $17 {Weiss muss nun ...d5 beachten.} 30. Nxd6 $2 {[%mdl 8192]} (30. Ne3 $17 {ist wohl besser.} Nc3 31. Nxc3 Bxc3 32. Nxc4 bxc4 33. d5) 30... Bc7 $19 31. Nxc4 {[#] Und weiter mit Te4 wäre nett.} Bxf4 32. Na3 Rc8 33. Bb3 b4 {[%cal Bb5b4,Bb4c3][%mdl 32]} 34. Nc4 (34. Nb5 {war angesagt.} Nc3 35. Nbxc3 bxc3 36. Bc2) 34... Nc3 {Schwarz steht klar auf Gewinn.} 35. Nxc3 (35. Ncb2 $142) 35... bxc3 {[%mdl 4096] Endspiel KTL-KLS} 36. Na3 Ra8 (36... Rb8 $142 37. Bc2 Ra8) 37. Nc2 Rb8 38. Na1 Rb4 39. d5 Be5 40. Bc2 Rb2 41. Be4 Re2 {Precision: Weiß = 32%, Schwarz = 56%.} 0-1